000 00297nam a22001337a 4500
008 181011b xxu||||| |||| 00| 0 eng d
020 _a0898626617
041 _aeng
080 _a159.9
100 _a48
101 _aPSI
245 _aHyperactive Children Grown Up
_cWeiss,G
942 _2udc
_cBK
999 _c49331
_d49331